The aduentures of Brusanus Prince of Hungaria, : pleasant for all to read, and profitable for some to follow. /

Bibliographic Details
Main Author: Rich, Barnabe, 1540?-1617
Format: eBook
Language:English
Published: Imprinted at London : [By T. Orwin] for Thomas Adames, 1592.
Series:Early English books online.
Subjects:
Online Access:Connect to the full text of this electronic book

MARC

Tag First Indicator Second Indicator Subfields
LEADER 00000nam a2200000 4500
001 in00004220522
005 20200806094720.0
006 m g d
007 cr bn |||a|bb|
008 901004s1592 enk o 00| | eng d
035 |a (UnM)99837404 
037 |a CL0036000027  |b ProQuest. 789 E. Eisenhower Parkway, Ann Arbor, MI 48108-3218 
040 |a Cu-RivES  |c Cu-RivES  |d CStRLIN  |e dcrb  |d WaOLN 
100 1 |a Rich, Barnabe,  |d 1540?-1617. 
245 1 4 |a The aduentures of Brusanus Prince of Hungaria, :  |b pleasant for all to read, and profitable for some to follow. /  |c Written by Barnaby Riche, seauen or eight yeares sithence, and now published by the great intreaty of diuers of his freendes. 
260 |a Imprinted at London :  |b [By T. Orwin] for Thomas Adames,  |c 1592. 
300 |a 1 online resource ([4], 191 [id est 171], [1] pages) 
336 |a text  |b txt  |2 rdacontent 
337 |a computer  |b c  |2 rdamedia 
338 |a online resource  |b cr  |2 rdacarrier 
500 |a Printer's name from STC. 
500 |a Page 171 is misnumbered 191. 
500 |a Reproduction of the original in the Folger Shakespeare Library. 
510 4 |a STC (2nd edition)  |c 20977. 
533 |a Electronic reproduction.  |b Ann Arbor, Mich. :  |c UMI,  |d 1999-  |f (Early English books online)  |n Digital version of: (Early English books, 1475-1640 ; 1003:02)  |7 s1999 miun s 
650 0 |a English fiction  |y Early modern, 1500-1700  |v Early works to 1800. 
830 0 |a Early English books online. 
856 4 0 |u http://proxy.library.tamu.edu/login?url=https://search.proquest.com/docview/2240924999  |z Connect to the full text of this electronic book  |t 0 
999 f f |s 30e3fd31-f4c9-379d-851c-e0d19930bc78  |i 2e647944-1fc2-337c-9d03-9d09adb5b4d0  |t 0 
952 f f |a Texas A&M University  |b College Station  |c Electronic Resources  |d Available Online  |t 0  |h No information provided 
998 f f |t 0  |l Available Online